000 01678nam0a22003731 4500
001 rc\2275043
005 20260407074917.0
035 _a(NLR Aleph) 006555256
090 _a6784411
_c6784411
100 _a20110829d1979 |||y0rusy50 ca
101 0 _arus
102 _aRU
105 _aa z |||||
200 1 _aМашинное проектирование электронных схем на ЭВМ "Мир"
_eУчеб. пособие
_f[В.И. Анисимов, Г.Д. Дмитриевич, А.И. Ларистов, К.Б. Скобельцын]
210 _aЛенинград
_cЛЭТИ
_d1979
215 _a58 с.
_cил.
_d21
300 _aАвт. указаны на обороте тит. л.
300 _aВ надзаг.: Ленингр. электротехн. ин-т им. В.И. Ульянова (Ленина)
320 _aБиблиогр.: с. 57 (6 назв.)
606 _aЭлектронные схемы
_xПроектирование
_xАвтоматизация
_2psbo
686 _aз844-02-5-05я73-1
_2rubbk
701 1 _aЛаристов
_bА. И.
701 1 _aСкобельцын
_bК. Б.
701 1 _aДмитревич
_bГ. Д.
701 1 _7ca
_8rus
_aАнисимов
_bВ. И.
_f1926-
_gВладимир Иванович
_9239541
_3RU\NLR\AUTH\770239597
712 0 2 _aЛенинградский электротехнический институт им. В. И. Ульянова (Ленина)
_9279199
_3RU\NLR\AUTH\883929
801 1 _aRU
_bELAR
_2rusmarc
801 0 _aRU
_bNLR
_gpsbo
852 _aNLR
_j80-6/2040
899 _aRuMoRGB
_jB 80-9/457
899 _aRuMoRGB
_jB 80-9/458
942 _cBOOK
980 _aNB